00631cam a2200217 a 450000100090000000300090000900500170001800800410003501000170007604000230009304200080011605000220012408200130014610000310015924500730019026000390026330000210030249000230032356100080034671000590035416732593BDDh-ASL20231015025833.0110412s19491951mdu 000 0 eng  a 2011656426 aDLCcDLCdBDDh-ASL apcc00aPR5363b.A15 1951 a220bBEA1 aShaw, Bernard,d1856-1950.10aAndrocles and the lion :ban old fable renovated /cby Bernard Shaw. aBaltimore :bPenguin Books,c1949. a159 p. ;c18 cm.0 aPenguin books ;v5 5DLC2 aRouben Mamoulian Collection (Library of Congress)5DLC